Statistical techniques in business and economics

Bibliographic Details
Main Author: Mason, Robert D.
Other Authors: A.Lind, Douglas
Format: Book
Published: Homewood,Illinois : Richard D.Irvin Inc. , 1990
Edition:7th ed.
Subjects:

MARC

LEADER 00000cam a2200000 7i4500
001 0000003198
005 20200814.0
020 |a 0256076960 
040 |a INS 
090 0 0 |a HA29.   |b M268 1990 
100 1 |a Mason, Robert D. 
245 1 0 |a Statistical techniques in business and economics   |c Robert D.Mason and Douglas A.Lind 
250 |a 7th ed. 
260 |a Homewood,Illinois :   |b Richard D.Irvin Inc. ,   |c 1990 
300 |a xxvii, 910p. ;   |c 24 cm. 
650 0 0 |a Economics   |x Statistical methods 
650 0 0 |a Statistics 
700 0 |a A.Lind, Douglas 
999 |a 0000005067   |b BOOK   |c Open Shelf   |e Default branch